Statistics for Country by Historical Image #1

Click here to take the quiz!

General Stats

  • This quiz has been taken 37 times
  • The average score is 12 of 16

Answer Stats

Answer% Correct
Egypt
94%
Italy
94%
Greece
91%
Japan
88%
United States
88%
Mexico
85%
United Kingdom
85%
India
82%
France
79%
China
74%
Russia
74%
South Africa
68%
Peru
65%
New Zealand
56%
Czech Republic
50%
Iraq
47%

Score Distribution

Percentile by Number Answered

Percent of People with Each Score

Your Score History

You have not taken this quiz